Statistics for Origin Countries of Illegal US Immigrants

Click here to take the quiz!

General Stats

  • This quiz has been taken 707 times
  • The average score is 10 of 14

Answer Stats

# Country % Correct
5,600,000Mexico
99%
300,000China
87%
525,000Guatemala
83%
150,000Colombia
83%
100,000Brazil
82%
350,000Honduras
80%
120,000Canada
80%
450,000India
79%
675,000El Salvador
76%
110,000Haiti
71%
120,000Peru
69%
200,000Philippines
61%
?South Korea
45%
?North Korea
24%

Score Distribution

Percentile by Number Answered

Percent of People with Each Score

Your Score History

You have not taken this quiz